The Fables (Record no. 11751)

MARC details
000 -LEADER
fixed length control field 00240nam a22000977a 4500
008 - FIXED-LENGTH DATA ELEMENTS--GENERAL INFORMATION
fixed length control field 200114b ||||| |||| 00| 0 eng d
020 ## - INTERNATIONAL STANDARD BOOK NUMBER
International Standard Book Number 0590402420
100 ## - MAIN ENTRY--PERSONAL NAME
Personal name Lobel Arnold
9 (RLIN) 7438
245 ## - TITLE STATEMENT
Title The Fables
260 ## - PUBLICATION, DISTRIBUTION, ETC. (IMPRINT)
Place of publication, distribution, etc. New York
Name of publisher, distributor, etc. Scholastic
Date of publication, distribution, etc. 1980
Holdings
Withdrawn status Lost status Source of classification or shelving scheme Damaged status Koha normalized classification for sorting Not for loan Home library Current library Shelving location Date acquired Total Checkouts Full call number Barcode Date last seen Price effective from Koha item type
    Dewey Decimal Classification   398_000000000000000_JUNLIB   Good Samaritan School Library Good Samaritan School Library FICTION 01/14/2020   398 JUNLIB LOB15818 01/14/2020 01/14/2020 BOOK

Powered by Koha